[Event "Elite de Chambly"]
[Site "Chambly CAN"]
[Date "2025.06.18"]
[Round "7.12"]
[White "Vallee, Genevieve"]
[Black "Morasse, Daniel"]
[Result "0-1"]
[WhiteElo "1260"]
[BlackElo "1392"]
[WhiteFideId "-1"]
[WhiteFideId "-1"]
[PlyCount "52"]
[GameId "2191150457292557"]
[EventDate "2025.04.30"]
[EventType "swiss"]
[EventRounds "7"]
[EventCountry "CAN"]

1. e4 e5 2. Nf3 d6 3. Bc4 Be7 4. Nc3 Nf6 5. Nd5 Nxe4 6. d3 Nf6 7. Ng5 Nxd5 8. Bxd5 Bxg5 9. Qh5 g6 10. Bxg5 gxh5 11. Bxd8 Kxd8 12. Bxf7 Nc6 13. c3 Bf5 14. Rd1 Bg6 15. Be6 Re8 16. Bh3 Ne7 17. O-O c6 18. d4 exd4 19. Rxd4 Kc7 20. b4 Rad8 21. a4 Nd5 22. c4 Nxb4 23. Rc1 c5 24. Rd2 Nc6 25. g3 Nd4 26. Rc3 Ne2+ 0-1

[Event "Elite de Chambly"]
[Site "Chambly CAN"]
[Date "2025.06.18"]
[Round "7.13"]
[White "Tarte, Ariste"]
[Black "Doyon, Martin"]
[Result "0-1"]
[WhiteElo "1156"]
[BlackElo "1291"]
[WhiteFideId "-1"]
[WhiteFideId "-1"]
[PlyCount "74"]
[GameId "2191150457304846"]
[EventDate "2025.04.30"]
[EventType "swiss"]
[EventRounds "7"]
[EventCountry "CAN"]

1. e4 d6 2. d4 Nf6 3. Bd3 g6 4. Nf3 Bg7 5. O-O O-O 6. Nbd2 c6 7. Nb3 b5 8. Re1 Bg4 9. h3 Bxf3 10. Qxf3 Qc7 11. Bf4 e5 12. Bh2 Nbd7 13. dxe5 Nxe5 14. Bxe5 dxe5 15. Nc5 a5 16. Rad1 Rad8 17. c4 b4 18. Na6 Qc8 19. c5 Rd4 20. Qg3 Nh5 21. Be2 Nxg3 22. fxg3 Rxd1 23. Rxd1 Rd8 24. Rf1 Rd2 25. Bc4 Qd7 26. Rxf7 Qxf7 27. Bxf7+ Kxf7 28. Nb8 Rxb2 29. Nxc6 Rxa2 30. Nd8+ Kf6 31. c6 Rc2 32. Nb7 b3 33. Nd8 b2 34. Nb7 b1=Q+ 35. Kh2 Rxc6 36. Nxa5 Rc1 37. Nc4 Rh1# 0-1

[Event "Elite de Chambly"]
[Site "Chambly CAN"]
[Date "2025.06.18"]
[Round "7.14"]
[White "Lauzon, Francois"]
[Black "Roy, Nicholas"]
[Result "0-1"]
[WhiteElo "1153"]
[BlackElo "1052"]
[WhiteFideId "-1"]
[WhiteFideId "-1"]
[PlyCount "60"]
[GameId "2191150457304847"]
[EventDate "2025.04.30"]
[EventType "swiss"]
[EventRounds "7"]
[EventCountry "CAN"]

1. d4 d5 2. c4 e6 3. Nf3 c5 4. Nc3 Nf6 5. cxd5 exd5 6. Bg5 Be7 7. e3 O-O 8. h3 h6 9. Bf4 Nc6 10. Be2 a6 11. a4 Bf5 12. Bd3 Ne4 13. Na2 c4 14. Bc2 Qa5+ 15. Kf1 Bd6 16. Bxd6 Nxd6 17. Bxf5 Nxf5 18. Qe1 Qxe1+ 19. Kxe1 Rfe8 20. Ke2 Nfxd4+ 21. Nxd4 Nxd4+ 22. Kd1 Nb3 23. Rb1 Rad8 24. Nc1 d4 25. exd4 Rxd4+ 26. Kc2 Red8 27. Kc3 b5 28. Nxb3 Rd3+ 29. Kc2 cxb3+ 30. Kc1 Rc8# 0-1

[Event "Elite de Chambly"]
[Site "Chambly CAN"]
[Date "2025.06.18"]
[Round "7.16"]
[White "Pepin, Pierre-Luc"]
[Black "Matmati, Jed"]
[Result "1-0"]
[WhiteElo "1131"]
[BlackElo "870"]
[WhiteFideId "-1"]
[WhiteFideId "-1"]
[PlyCount "21"]
[GameId "2191150457304849"]
[EventDate "2025.04.30"]
[EventType "swiss"]
[EventRounds "7"]
[EventCountry "CAN"]

1. d4 e5 2. dxe5 Bb4+ 3. Bd2 Bf8 4. f4 d6 5. exd6 Qxd6 6. Nf3 Be7 7. Nc3 Bh4+ 8. Nxh4 Qxf4 9. Bxf4 Nf6 10. Bxc7 Rf8 11. Qd8# 1-0

[Event "GVCT 8"]
[Site "Burnaby CAN"]
[Date "2025.06.07"]
[Round "1.1"]
[White "Nunez Asencio, Jorge"]
[Black "Lu, Samuel"]
[Result "1-0"]
[WhiteElo "2328"]
[BlackElo "1876"]
[WhiteFideId "-1"]
[WhiteFideId "-1"]
[PlyCount "101"]
[GameId "2192962064956506"]
[EventDate "2025.06.07"]
[EventType "swiss"]
[EventRounds "5"]
[EventCountry "CAN"]

1. d4 Nf6 2. Nf3 d5 3. c4 e6 4. cxd5 exd5 5. Qc2 Bd6 6. Bg5 c6 7. e3 h6 8. Bh4 Nbd7 9. Bd3 O-O 10. Nc3 Re8 11. O-O Be7 12. Bg3 Nh5 13. Nxd5 Nxg3 14. Nxe7+ Qxe7 15. hxg3 Nf6 16. Rab1 Be6 17. b4 Bd5 18. Rfe1 Be4 19. Bxe4 Qxe4 20. Qxe4 Nxe4 21. Rec1 Rac8 22. Ne5 Red8 23. Nd3 b6 24. Rc2 f6 25. Rbc1 Rd6 26. g4 Ng5 27. Nf4 Nf7 28. Ng6 Kh7 29. Ne7 Rc7 30. Nxc6 a6 31. f3 Kg8 32. a4 Kf8 33. Kf2 Ke8 34. e4 g5 35. d5 Nh8 36. Nd4 Rxc2+ 37. Rxc2 Nf7 38. Nf5 Rd7 39. Rc6 Ne5 40. Rxf6 Nd3+ 41. Ke2 Nxb4 42. Rxb6 a5 43. d6 Kf7 44. Nxh6+ Ke6 45. Nf5 Na2 46. Kd2 Nb4 47. Rb8 Nc6 48. Rc8 Ne5 49. Kc3 Nf7 50. Kd4 Kf6 51. Kd5 1-0

[Event "GVCT 8"]
[Site "Burnaby CAN"]
[Date "2025.06.07"]
[Round "1.2"]
[White "Li, Moses"]
[Black "Kaufman, Raymond"]
[Result "0-1"]
[WhiteElo "1863"]
[BlackElo "2315"]
[WhiteFideId "-1"]
[WhiteFideId "-1"]
[PlyCount "104"]
[GameId "2192962064964699"]
[EventDate "2025.06.07"]
[EventType "swiss"]
[EventRounds "5"]
[EventCountry "CAN"]

1. e4 c5 2. Nc3 e6 3. g3 d5 4. Bg2 Nf6 5. d3 Be7 6. Nge2 Nc6 7. O-O O-O 8. f4 dxe4 9. Nxe4 Qc7 10. N2c3 Nd4 11. Be3 Rd8 12. Bxd4 cxd4 13. Nxf6+ Bxf6 14. Ne4 Be7 15. Qd2 Bd7 16. Ng5 a5 17. a3 a4 18. Nf3 Be8 19. Ne5 Rac8 20. Rac1 b5 21. Qe2 g6 22. h4 Bf6 23. Ng4 Bg7 24. Ne5 Qc5 25. Qe1 f6 26. Ng4 Bf7 27. Nf2 f5 28. Qd2 e5 29. Nh3 Re8 30. Rfe1 exf4 31. Nxf4 Re3 32. Qf2 Rce8 33. Kf1 Bh6 34. Rxe3 dxe3 35. Qe2 Bxf4 36. gxf4 Qd4 37. Kg1 Qxb2 38. Re1 b4 39. Bc6 Re7 40. axb4 Qxb4 41. c4 a3 42. Ra1 Qb2 43. Qxb2 axb2 44. Re1 Ra7 45. Kf1 Ra1 46. d4 Rxe1+ 47. Kxe1 b1=Q+ 48. Ke2 Bxc4+ 49. Kf3 Qf1+ 50. Kg3 Qf2+ 51. Kh3 Bf1+ 52. Bg2 Qxg2# 0-1

[Event "GVCT 8"]
[Site "Burnaby CAN"]
[Date "2025.06.07"]
[Round "3.1"]
[White "Nunez Asencio, Jorge"]
[Black "Qu, Leo"]
[Result "1-0"]
[WhiteElo "2328"]
[BlackElo "2202"]
[WhiteFideId "-1"]
[WhiteFideId "-1"]
[PlyCount "85"]
[GameId "2192962064972892"]
[EventDate "2025.06.07"]
[EventType "swiss"]
[EventRounds "5"]
[EventCountry "CAN"]

1. d4 Nf6 2. c4 g6 3. Nc3 Bg7 4. e4 d6 5. Be2 O-O 6. Be3 e5 7. d5 Na6 8. h4 Nc5 9. Qc2 c6 10. h5 a5 11. hxg6 fxg6 12. Bf3 cxd5 13. cxd5 Qb6 14. Nh3 Qxb2 15. Qxb2 Nd3+ 16. Kd2 Nxb2 17. Be2 Bd7 18. f3 Rfc8 19. Rab1 Nc4+ 20. Bxc4 Rxc4 21. Rxb7 Rac8 22. Rc1 R4c7 23. Rxc7 Rxc7 24. Rb1 Nh5 25. Rb8+ Kf7 26. Ng5+ Ke7 27. Nxh7 Nf4 28. g3 Nh5 29. Bg5+ Kf7 30. Bd8 Bh6+ 31. Ng5+ Bxg5+ 32. Bxg5 Nxg3 33. Rb6 Nf1+ 34. Kd3 Nh2 35. Rxd6 Bc8 36. a4 Rb7 37. Nb5 Bd7 38. Kc4 Bxb5+ 39. axb5 a4 40. b6 a3 41. Kb3 Kg7 42. Rc6 Rb8 43. Bf6+ 1-0

[Event "GVCT 8"]
[Site "Burnaby CAN"]
[Date "2025.06.07"]
[Round "3.2"]
[White "Chen, Yidong"]
[Black "Kaufman, Raymond"]
[Result "1/2-1/2"]
[WhiteElo "2287"]
[BlackElo "2315"]
[WhiteFideId "-1"]
[WhiteFideId "-1"]
[PlyCount "53"]
[GameId "2192962064976989"]
[EventDate "2025.06.07"]
[EventType "swiss"]
[EventRounds "5"]
[EventCountry "CAN"]

1. e4 e6 2. d4 d5 3. Nd2 Nf6 4. e5 Nfd7 5. Bd3 c5 6. c3 Nc6 7. Ne2 cxd4 8. cxd4 f6 9. exf6 Nxf6 10. O-O Bd6 11. Nf3 O-O 12. Bg5 Qe8 13. Ng3 Kh8 14. Re1 Nh5 15. a3 Nxg3 16. hxg3 Qh5 17. Be3 Bd7 18. Be2 Qf5 19. Bd3 Qh5 20. Be2 Qf5 21. Ng5 e5 22. dxe5 Qxe5 23. Bf4 Rxf4 24. gxf4 Qxf4 25. Nf3 Ne5 26. g3 Nc6 27. Bd3 1/2-1/2

[Event "GVCT 8"]
[Site "Burnaby CAN"]
[Date "2025.06.08"]
[Round "4.1"]
[White "Kaufman, Raymond"]
[Black "Nunez Asencio, Jorge"]
[Result "1-0"]
[WhiteElo "2315"]
[BlackElo "2328"]
[WhiteFideId "-1"]
[WhiteFideId "-1"]
[PlyCount "61"]
[GameId "2192962064981086"]
[EventDate "2025.06.07"]
[EventType "swiss"]
[EventRounds "5"]
[EventCountry "CAN"]

1. e4 e6 2. d4 d5 3. Nd2 Nc6 4. Ngf3 Nf6 5. e5 Nd7 6. Be2 f6 7. exf6 Qxf6 8. Nf1 Bd6 9. Ne3 Qe7 10. O-O Nf6 11. c4 O-O 12. a3 a5 13. Bd3 Qe8 14. h3 Qh5 15. c5 Bf4 16. Nf5 Bxc1 17. Ng3 Qe8 18. Rxc1 e5 19. Nxe5 Nxe5 20. Re1 Ne4 21. Nxe4 dxe4 22. Bxe4 Qf7 23. dxe5 Qxf2+ 24. Kh1 Qh4 25. Bd5+ Kh8 26. e6 Qe7 27. Qh5 Ra6 28. c6 bxc6 29. Be4 g6 30. Bxg6 Rf6 31. Rf1 1-0

[Event "GVCT 8"]
[Site "Burnaby CAN"]
[Date "2025.06.08"]
[Round "4.2"]
[White "Mohammed Qanee, Arpak Worya"]
[Black "Chen, Yidong"]
[Result "0-1"]
[WhiteElo "2009"]
[BlackElo "2287"]
[WhiteFideId "-1"]
[WhiteFideId "-1"]
[PlyCount "90"]
[GameId "2192962064981087"]
[EventDate "2025.06.07"]
[EventType "swiss"]
[EventRounds "5"]
[EventCountry "CAN"]

1. e4 c5 2. Nf3 d6 3. d4 cxd4 4. Nxd4 Nf6 5. Nc3 a6 6. f3 e5 7. Nb3 Be6 8. Be3 h5 9. a4 Nc6 10. Nd5 Bxd5 11. exd5 Na5 12. c4 Nxb3 13. Qxb3 Qa5+ 14. Kf2 Qc7 15. Qb6 Qc8 16. Bd3 Be7 17. Rhc1 O-O 18. Kg1 Nd7 19. Qb4 f5 20. Ra3 a5 21. Qd2 b6 22. Rb3 Rb8 23. Rb5 Qd8 24. b4 axb4 25. Rb1 Nc5 26. R1xb4 Qc7 27. Bxc5 dxc5 28. Rb1 Qd6 29. Bc2 h4 30. a5 bxa5 31. Rxb8 Rxb8 32. Bxf5 Rxb1+ 33. Bxb1 Qb6 34. Qc2 Qh6 35. g3 h3 36. Qc3 Bd6 37. Bf5 a4 38. Be6+ Kh8 39. f4 exf4 40. Qa5 Qf6 41. Qa8+ Qf8 42. Qxa4 fxg3 43. hxg3 Bxg3 44. Qa2 h2+ 45. Kg2 h1=Q+ 0-1

[Event "GVCT 8"]
[Site "Burnaby CAN"]
[Date "2025.06.08"]
[Round "5.1"]
[White "Taylor, Ashton"]
[Black "Kaufman, Raymond"]
[Result "0-1"]
[WhiteElo "2098"]
[BlackElo "2315"]
[WhiteFideId "-1"]
[WhiteFideId "-1"]
[PlyCount "62"]
[GameId "2192962064985184"]
[EventDate "2025.06.07"]
[EventType "swiss"]
[EventRounds "5"]
[EventCountry "CAN"]

1. d4 Nf6 2. c4 e6 3. Nf3 d5 4. g3 Bb4+ 5. Bd2 Be7 6. Qc2 O-O 7. Bg2 c6 8. O-O Nbd7 9. Rd1 b6 10. b3 Bb7 11. a4 c5 12. Bc3 dxc4 13. bxc4 cxd4 14. Bxd4 Qc7 15. Nbd2 h6 16. Qb2 Rfd8 17. e3 Bc6 18. Ne5 Bxg2 19. Kxg2 Nxe5 20. Bxe5 Qc6+ 21. Kg1 Rd7 22. Rdc1 Rad8 23. Nf1 Ne4 24. h4 g5 25. h5 Nd2 26. Nxd2 Rxd2 27. Qb5 Qf3 28. Rf1 Qxh5 29. Bd4 Bd6 30. Kg2 Qg4 31. Qc6 Qxg3+ 0-1

[Event "GVCT 8"]
[Site "Burnaby CAN"]
[Date "2025.06.08"]
[Round "5.2"]
[White "Chen, Yidong"]
[Black "Nunez Asencio, Jorge"]
[Result "1-0"]
[WhiteElo "2287"]
[BlackElo "2328"]
[WhiteFideId "-1"]
[WhiteFideId "-1"]
[PlyCount "79"]
[GameId "2192962064985185"]
[EventDate "2025.06.07"]
[EventType "swiss"]
[EventRounds "5"]
[EventCountry "CAN"]

1. e4 c5 2. Nf3 Nc6 3. Bb5 d6 4. O-O Bg4 5. h3 Bh5 6. g4 Bg6 7. e5 e6 8. Bxc6+ bxc6 9. exd6 Bxd6 10. d3 h5 11. g5 Bf5 12. Kg2 h4 13. Nbd2 Ne7 14. Ne4 Ng6 15. Nxd6+ Qxd6 16. Qe2 f6 17. a4 Rb8 18. b3 Rb4 19. a5 Qd5 20. Ra4 fxg5 21. Bxg5 O-O 22. Rh1 e5 23. c4 Bxd3 24. Qe3 Qe4 25. Rxb4 cxb4 26. Re1 Nf4+ 27. Kh2 Nxh3 28. Qxe4 Bxe4 29. Kxh3 Bxf3 30. Bxh4 e4 31. Be7 Rb8 32. a6 Kf7 33. Bc5 Ke6 34. Kg3 Kf5 35. Ra1 g5 36. Bxa7 Ra8 37. Bd4 g4 38. a7 e3 39. fxe3 Ke4 40. Ra4 1-0

[Event "Gatineau op"]
[Site "Gatineau CAN"]
[Date "2025.04.11"]
[Round "1.1"]
[White "Lane, Ryan"]
[Black "Rodrigue-Lemieux, Shawn"]
[Result "0-1"]
[WhiteElo "2076"]
[BlackElo "2628"]
[WhiteFideId "-1"]
[WhiteFideId "-1"]
[PlyCount "96"]
[GameId "528854590188"]
[EventDate "2025.04.11"]
[EventType "swiss"]
[EventRounds "5"]
[EventCountry "CAN"]

1. e4 c6 2. Nc3 d5 3. Nf3 Bg4 4. h3 Bxf3 5. Qxf3 Nf6 6. g3 e6 7. Bg2 Bc5 8. d3 Nbd7 9. Bf4 Bb4 10. O-O Bxc3 11. bxc3 dxe4 12. dxe4 e5 13. Bg5 h6 14. Bxf6 Qxf6 15. Qe3 Qe7 16. Rfd1 O-O 17. a4 a5 18. Bf1 Nc5 19. h4 Rfd8 20. Rxd8+ Rxd8 21. Be2 b6 22. Bg4 Rd6 23. Kh2 Qd8 24. Be2 Qd7 25. Kg1 Qh3 26. Bf3 Qe6 27. Be2 Kf8 28. Kh2 Ke7 29. Kg2 Rd8 30. Kh2 Qd6 31. Rd1 Qg6 32. Rb1 Qxe4 33. Qxe4 Nxe4 34. Rxb6 Rd2 35. Bc4 Rxf2+ 36. Kg1 Rxc2 37. Bd3 Rc1+ 38. Kg2 Nc5 39. Be2 Rxc3 40. Rxc6 Nxa4 41. Ra6 Rc2 42. Kf3 Rc5 43. Ra7+ Ke6 44. Bd1 Nc3 45. Bb3+ Nd5 46. Ra6+ Ke7 47. Ra7+ Nc7 48. Ke4 Kd6 0-1

[Event "Gatineau op"]
[Site "Gatineau CAN"]
[Date "2025.04.11"]
[Round "1.2"]
[White "Sambuev, Bator"]
[Black "Qian, Eric"]
[Result "1-0"]
[WhiteElo "2520"]
[BlackElo "2069"]
[WhiteFideId "-1"]
[WhiteFideId "-1"]
[PlyCount "51"]
[GameId "528856105709"]
[EventDate "2025.04.11"]
[EventType "swiss"]
[EventRounds "5"]
[EventCountry "CAN"]

1. d4 d5 2. c4 e6 3. Nc3 Nf6 4. cxd5 exd5 5. Bg5 c6 6. e3 Be7 7. Bd3 Nbd7 8. Nf3 h6 9. Bf4 Nh5 10. Be5 Nxe5 11. dxe5 g6 12. Qc2 Ng7 13. O-O-O Qb6 14. Nd4 Ne6 15. Bxg6 Nxd4 16. Rxd4 fxg6 17. Qxg6+ Kd8 18. Rhd1 Rf8 19. f4 Kc7 20. g4 Bd7 21. f5 Rg8 22. Qh7 Rae8 23. f6 Rh8 24. Qg7 Bc5 25. Rxd5 Bxe3+ 26. Kb1 1-0

[Event "Gatineau op"]
[Site "Gatineau CAN"]
[Date "2025.04.11"]
[Round "1.3"]
[White "Zhu, Elber"]
[Black "Miranda Mesa, Elier"]
[Result "1/2-1/2"]
[WhiteElo "2060"]
[BlackElo "2516"]
[WhiteFideId "-1"]
[WhiteFideId "-1"]
[PlyCount "91"]
[GameId "528857524170"]
[EventDate "2025.04.11"]
[EventType "swiss"]
[EventRounds "5"]
[EventCountry "CAN"]

1. d4 d5 2. c4 c6 3. Nf3 Nf6 4. Nbd2 Bf5 5. Nh4 Bc8 6. e3 a6 7. Bd3 b5 8. cxd5 cxd5 9. O-O Bg4 10. Nhf3 e6 11. Nb3 Bd6 12. Bd2 O-O 13. Rc1 Ne4 14. Ba5 Qe7 15. h3 Bh5 16. Nbd2 f5 17. Qc2 Nd7 18. Bc7 Rfc8 19. Bxd6 Nxd6 20. Qb1 Bxf3 21. Nxf3 h6 22. Rxc8+ Rxc8 23. Rc1 Qd8 24. Kf1 Nc4 25. b3 Nd6 26. Ke2 Ne4 27. Bxe4 dxe4 28. Ne5 Nxe5 29. dxe5 Rxc1 30. Qxc1 Qd3+ 31. Ke1 Kf7 32. g3 a5 33. Qd2 Qb1+ 34. Ke2 b4 35. h4 h5 36. Qd1 Qxa2+ 37. Kf1 Kg6 38. Qd8 Kh7 39. Qd1 Kg6 40. Qd8 Kh7 41. Qd1 Kh6 42. Qd8 Qa1+ 43. Kg2 Kh7 44. Qe8 Qxe5 45. Qxh5+ Kg8 46. Qe8+ 1/2-1/2

[Event "Gatineau op"]
[Site "Gatineau CAN"]
[Date "2025.04.11"]
[Round "1.4"]
[White "Han, Johnathan"]
[Black "Turcotte, Jonathan"]
[Result "1-0"]
[WhiteElo "2467"]
[BlackElo "2043"]
[WhiteFideId "-1"]
[WhiteFideId "-1"]
[PlyCount "47"]
[GameId "528858322136"]
[EventDate "2025.04.11"]
[EventType "swiss"]
[EventRounds "5"]
[EventCountry "CAN"]

1. e4 c6 2. d4 d5 3. Nd2 dxe4 4. Nxe4 Bf5 5. Ng3 Bg6 6. Nh3 Nf6 7. Nf4 e5 8. Nxg6 hxg6 9. dxe5 Qa5+ 10. Bd2 Qxe5+ 11. Qe2 Nbd7 12. O-O-O Qxe2 13. Bxe2 O-O-O 14. Bc4 Ne5 15. Bb3 Bc5 16. f3 Nd5 17. Rhe1 f6 18. Ne4 Bb6 19. h3 Bc7 20. Nc5 Bb6 21. Ne6 Rd7 22. f4 Re8 23. fxe5 Rxe6 24. c4 1-0

[Event "Gatineau op"]
[Site "Gatineau CAN"]
[Date "2025.04.11"]
[Round "1.5"]
[White "Nassar, Marc"]
[Black "Chiku-Ratte, Olivier-Kenta"]
[Result "0-1"]
[WhiteElo "2036"]
[BlackElo "2432"]
[WhiteFideId "-1"]
[WhiteFideId "-1"]
[PlyCount "108"]
[GameId "528861578579"]
[EventDate "2025.04.11"]
[EventType "swiss"]
[EventRounds "5"]
[EventCountry "CAN"]

1. e4 e5 2. f4 d5 3. exd5 exf4 4. Nf3 Nf6 5. Bb5+ c6 6. dxc6 bxc6 7. Bc4 Qe7+ 8. Qe2 Qxe2+ 9. Bxe2 Bd6 10. Nc3 O-O 11. O-O Re8 12. Bc4 Nbd7 13. d4 h6 14. Bd2 Nb6 15. Bd3 Nbd5 16. Ne5 Bxe5 17. dxe5 Rxe5 18. Nxd5 Nxd5 19. Bxf4 Nxf4 20. Rxf4 Be6 21. Re4 Rc5 22. Rae1 Rb8 23. b3 Kf8 24. Re5 Rd5 25. Rxd5 Bxd5 26. Kf2 Rb4 27. c4 Be6 28. Ke3 c5 29. Kd2 Ke7 30. Kc3 Rb8 31. Re5 Kd6 32. Re2 g5 33. Rf2 Ke5 34. Re2+ Kd6 35. Rf2 h5 36. a3 a5 37. Bc2 h4 38. Rd2+ Ke5 39. Re2+ Kf6 40. Rf2+ Ke7 41. Be4 Rd8 42. Bd3 f5 43. Rd2 Kf6 44. b4 axb4+ 45. axb4 cxb4+ 46. Kxb4 h3 47. g3 f4 48. gxf4 g4 49. Kc3 Bf5 50. Bxf5 Rxd2 51. Kxd2 Kxf5 52. c5 Ke6 53. f5+ Kxf5 54. c6 Ke6 0-1

[Event "Gatineau op"]
[Site "Gatineau CAN"]
[Date "2025.04.11"]
[Round "1.7"]
[White "Loadman, Ian"]
[Black "Latorre, Vincent"]
[Result "0-1"]
[WhiteElo "2032"]
[BlackElo "2366"]
[WhiteFideId "-1"]
[WhiteFideId "-1"]
[PlyCount "84"]
[GameId "528867241102"]
[EventDate "2025.04.11"]
[EventType "swiss"]
[EventRounds "5"]
[EventCountry "CAN"]

1. e4 g6 2. d4 Bg7 3. Nf3 d6 4. Be2 Nf6 5. Nc3 O-O 6. O-O a6 7. a4 Nc6 8. a5 e5 9. d5 Ne7 10. Nd2 Nd7 11. Na4 f5 12. c4 Nf6 13. b4 fxe4 14. Nc3 Nf5 15. Ndxe4 Nd4 16. Bg5 Bf5 17. Bd3 Nxe4 18. Nxe4 Qe8 19. Ra3 h6 20. Be3 Qf7 21. Ng3 Bxd3 22. Qxd3 c6 23. Ne4 Rad8 24. Nc3 Rc8 25. Ne4 Qd7 26. c5 dxc5 27. dxc6 Qxc6 28. Nxc5 Kh7 29. Bxd4 exd4 30. Qb3 Rce8 31. g3 Re2 32. Qd1 Rb2 33. Rb3 Rxb3 34. Qxb3 Rf3 35. Qd1 Qd5 36. Nd3 Qf5 37. Nc5 Ra3 38. Re1 d3 39. Re7 Qf6 40. Re1 Qc3 41. Kg2 Qxb4 42. Nxd3 Rxd3 0-1

[Event "Gatineau op"]
[Site "Gatineau CAN"]
[Date "2025.04.11"]
[Round "1.8"]
[White "Dukic, Zachary"]
[Black "Ramesan, Raunak"]
[Result "1-0"]
[WhiteElo "2365"]
[BlackElo "2004"]
[WhiteFideId "-1"]
[WhiteFideId "-1"]
[PlyCount "71"]
[GameId "528870240213"]
[EventDate "2025.04.11"]
[EventType "swiss"]
[EventRounds "5"]
[EventCountry "CAN"]

1. Nf3 d5 2. g3 g6 3. Bg2 Bg7 4. d4 Nf6 5. O-O O-O 6. c4 c6 7. cxd5 cxd5 8. Nc3 Nc6 9. Ne5 Bf5 10. Nxc6 bxc6 11. Bf4 Nh5 12. Be3 Nf6 13. Rc1 Nd7 14. Bf4 Qb6 15. Na4 Qxd4 16. Qxd4 Bxd4 17. Rxc6 e6 18. Rd1 Be5 19. e4 Bxf4 20. exf5 Nb8 21. Rc2 Be5 22. fxe6 fxe6 23. Rxd5 exd5 24. Bxd5+ Kh8 25. Bxa8 Nd7 26. Bc6 Nb6 27. Nxb6 axb6 28. a4 Rc8 29. b4 Kg7 30. a5 bxa5 31. bxa5 Rc7 32. a6 Bd4 33. Kg2 Kf6 34. f4 g5 35. Kf3 h5 36. Be4 1-0

[Event "Gatineau op"]
[Site "Gatineau CAN"]
[Date "2025.04.11"]
[Round "1.9"]
[White "Duval, Mathieu"]
[Black "Gavrilin, Roman"]
[Result "0-1"]
[WhiteElo "1983"]
[BlackElo "2341"]
[WhiteFideId "-1"]
[WhiteFideId "-1"]
[PlyCount "66"]
[GameId "528874522115"]
[EventDate "2025.04.11"]
[EventType "swiss"]
[EventRounds "5"]
[EventCountry "CAN"]

1. d4 Nf6 2. c4 e6 3. Nc3 Bb4 4. e3 O-O 5. Bd3 d5 6. a3 Bxc3+ 7. bxc3 dxc4 8. Bxc4 c5 9. Ne2 Qc7 10. Ba2 b6 11. O-O Rd8 12. Ng3 Bb7 13. Bb2 Nc6 14. Rc1 Na5 15. Qc2 Rac8 16. c4 cxd4 17. Bxd4 Qe7 18. Rfd1 Ba6 19. c5 Nd7 20. Ne4 e5 21. Nd6 Qxd6 22. cxd6 Rxc2 23. Rxc2 exd4 24. Rxd4 Nc5 25. h4 Kf8 26. Rxc5 bxc5 27. Ra4 Rxd6 28. Rxa5 c4 29. Rc5 Rd2 30. Rc6 Bb7 31. Rxc4 Rxa2 32. Ra4 a6 33. Rb4 Bc6 0-1

[Event "Gatineau op"]
[Site "Gatineau CAN"]
[Date "2025.04.11"]
[Round "1.10"]
[White "Nasr, Marwan"]
[Black "Bahmani, Amir Mohammad"]
[Result "0-1"]
[WhiteElo "1946"]
[BlackElo "2286"]
[WhiteFideId "-1"]
[WhiteFideId "-1"]
[PlyCount "86"]
[GameId "528875734963"]
[EventDate "2025.04.11"]
[EventType "swiss"]
[EventRounds "5"]
[EventCountry "CAN"]

1. c4 Nf6 2. Nf3 c6 3. Nc3 d6 4. d4 Nbd7 5. g3 e5 6. e4 Be7 7. Bg2 O-O 8. O-O Re8 9. h3 Qc7 10. Re1 a5 11. b3 Nf8 12. Be3 Ng6 13. dxe5 dxe5 14. c5 h5 15. Qc2 h4 16. Na4 hxg3 17. fxg3 Nf8 18. Bf2 Ne6 19. Rac1 Nd7 20. Rf1 Bf6 21. Be3 Nd4 22. Qf2 Nxf3+ 23. Bxf3 Nf8 24. Nb6 Ra7 25. g4 Qe7 26. Be2 Be6 27. Qg2 Bg5 28. Qf2 Ng6 29. Bxg5 Qxg5 30. Bc4 Nf4 31. Rc3 Rd8 32. Bxe6 fxe6 33. Nc4 Rf8 34. Kh2 Raa8 35. Rf3 Rad8 36. h4 Qxg4 37. Rg1 Qh5 38. Rg5 Qh6 39. Rxe5 Nd3 40. Rxf8+ Rxf8 41. Qg3 Rf2+ 42. Kh3 Nf4+ 43. Kg4 Rg2 0-1

[Event "Gatineau op"]
[Site "Gatineau CAN"]
[Date "2025.04.11"]
[Round "1.11"]
[White "Azar, Sebastien"]
[Black "Dufresne, Christophe"]
[Result "1-0"]
[WhiteElo "2176"]
[BlackElo "1938"]
[WhiteFideId "-1"]
[WhiteFideId "-1"]
[PlyCount "91"]
[GameId "528877291979"]
[EventDate "2025.04.11"]
[EventType "swiss"]
[EventRounds "5"]
[EventCountry "CAN"]

1. Nf3 d5 2. d4 Nf6 3. c4 c6 4. cxd5 cxd5 5. Nc3 Nc6 6. Bf4 a6 7. h3 Bf5 8. e3 e6 9. Be2 Bd6 10. Bxd6 Qxd6 11. O-O O-O 12. Rc1 b5 13. Qd2 Rac8 14. Rfd1 Rfd8 15. Nh4 Be4 16. f4 h6 17. Nf3 Bh7 18. Bd3 Bxd3 19. Qxd3 Nd7 20. a4 bxa4 21. Nxa4 Na5 22. Ne5 Nxe5 23. fxe5 Qb4 24. Nc5 Nc4 25. b3 Nxe5 26. Qxa6 Nc6 27. Nxe6 fxe6 28. Rxc6 Qxb3 29. Rxc8 Qxd1+ 30. Kh2 Rxc8 31. Qxe6+ Kh7 32. Qf5+ Kg8 33. Qxc8+ Kh7 34. Qf5+ Kh8 35. Qxd5 Qc1 36. Qa8+ Kh7 37. Qe4+ Kh8 38. Qe5 Qc3 39. e4 Qb2 40. Qd6 Qd2 41. d5 Qe3 42. Qe5 Qc5 43. Qe8+ Kh7 44. Qe6 Qe3 45. Qf5+ Kh8 46. e5 1-0

[Event "Gatineau op"]
[Site "Gatineau CAN"]
[Date "2025.04.11"]
[Round "1.12"]
[White "Desjardins, Michel"]
[Black "Berube, Antoine"]
[Result "0-1"]
[WhiteElo "1936"]
[BlackElo "2172"]
[WhiteFideId "-1"]
[WhiteFideId "-1"]
[PlyCount "100"]
[GameId "528878807433"]
[EventDate "2025.04.11"]
[EventType "swiss"]
[EventRounds "5"]
[EventCountry "CAN"]

1. e4 c5 2. c3 Nf6 3. e5 Nd5 4. d4 cxd4 5. cxd4 d6 6. Nf3 Nc6 7. Bc4 Nb6 8. Bb5 dxe5 9. Nxe5 Bd7 10. Nxd7 Qxd7 11. Nc3 e6 12. O-O Rd8 13. Be3 Be7 14. Qf3 O-O 15. Rfd1 a6 16. Bxc6 bxc6 17. Rac1 Nd5 18. g3 Nxc3 19. Rxc3 Qd5 20. Qxd5 cxd5 21. Rc7 Bf6 22. f4 h5 23. Rdc1 Ra8 24. Rb7 Rfc8 25. Rcc7 Rxc7 26. Rxc7 Rb8 27. Rc2 Kh7 28. b3 Kg6 29. Kg2 Rb4 30. Rd2 Rb7 31. Rc2 Rb4 32. Rd2 Rb7 33. Rc2 a5 34. h4 a4 35. Rc3 axb3 36. axb3 Rb4 37. Rd3 Rb7 38. Kf3 Kf5 39. Rc3 Be7 40. Rd3 Bb4 41. Bf2 Rc7 42. Be3 Rc2 43. Bf2 Rc1 44. Be3 Rf1+ 45. Ke2 Re1+ 46. Kf3 Rf1+ 47. Ke2 Ke4 48. Kxf1 Kxd3 49. Kf2 f5 50. Kf3 Bc3 0-1